[Event "Stuttgart-chB int"]
[Site "Ditzingen"]
[Date "2016.05.06"]
[Round "4"]
[White "Pfeilsticker, Thorsten"]
[Black "Haefele, Torsten"]
[Result "1-0"]
[WhiteElo "1560"]
[BlackElo "1825"]
[PlyCount "81"]
[EventDate "2016.05.05"]
[EventType "swiss"]
[EventRounds "7"]
[EventCountry "GER"]
[SourceTitle "EXT 2018"]
[Source "ChessBase"]
[SourceDate "2017.10.13"]
[SourceVersion "1"]
[SourceVersionDate "2017.10.13"]
[SourceQuality "1"]

1. d4 f5 2. Bg5 d6 3. e3 g6 4. f4 Bg7 5. c3 Nf6 6. Bxf6 Bxf6 7. Nf3 h6 8. Nbd2 0-0 9. Qc2 c6 10. g4 e6 11. h4 Bg7 12. gxf5 gxf5 13. 0-0-0 b5 14. Bd3 a5 15. Rdg1 Ra7 16. Qd1 Nd7 17. Rg3 Nf6 18. Qg1 h5 19. Rg5 Qe8 20. Nf1 Kh7 21. Ng3 Bh6 22. Nd2 Bxg5 23. hxg5 Ng4 24. Nxf5 exf5 25. Qxg4 Kg7 26. Qg3 Rh8 27. e4 Kg6 28. Qg2 Rc7 29. Nf3 Qf7 30. exf5+ Kg7 31. f6+ Kf8 32. Bb1 Qe6 33. Nh4 Qe3+ 34. Kc2 Qxf4 35. Ng6+ Kf7 36. Nxf4 Bf5+ 37. Kc1 Bxb1 38. Kxb1 Rcc8 39. g6+ Kxf6 40. g7 Rhg8 41. Qg6+ 1-0

[Event "Stuttgart-chB int"]
[Site "Ditzingen"]
[Date "2012.05.17"]
[Round "2"]
[White "Pfeilsticker, Thorsten"]
[Black "Ruff, Robert"]
[Result "1-0"]
[WhiteElo "1591"]
[BlackElo "1799"]
[PlyCount "57"]
[EventDate "2012.05.17"]
[EventType "swiss"]
[EventRounds "7"]
[EventCountry "GER"]
[SourceTitle "EXT 2018"]
[Source "ChessBase"]
[SourceDate "2017.10.13"]
[SourceVersion "1"]
[SourceVersionDate "2017.10.13"]
[SourceQuality "1"]

1. d4 d5 2. Nf3 Nf6 3. e3 e6 4. Bd3 Bd6 5. Nbd2 Nbd7 6. Qe2 0-0 7. e4 dxe4 8. Nxe4 Nxe4 9. Bxe4 Nf6 10. Bg5 Be7 11. Bd3 h6 12. Bxf6 Bxf6 13. 0-0 b6 14. Qe4 g6 15. Qxa8 Bxd4 16. Nxd4 Qxd4 17. Qxa7 Qd5 18. Qxc7 Bb7 19. Qg3 Kg7 20. Rfe1 f5 21. Qe5+ Qxe5 22. Rxe5 Kf6 23. Rae1 Be4 24. f4 Re8 25. Bxe4 fxe4 26. R1xe4 g5 27. f5 Re7 28. Rxe6+ Rxe6 29. Rxe6+ 1-0

[Event "Stuttgart-chB int"]
[Site "Ditzingen"]
[Date "2010.05.13"]
[Round "1"]
[White "Ellinger, Harald"]
[Black "Pfeilsticker, Thorsten"]
[Result "1-0"]
[WhiteElo "1854"]
[BlackElo "1635"]
[PlyCount "73"]
[EventDate "2010.05.13"]
[EventType "swiss"]
[EventRounds "7"]
[EventCountry "GER"]
[SourceTitle "EXT 2018"]
[Source "ChessBase"]
[SourceDate "2017.10.13"]
[SourceVersion "1"]
[SourceVersionDate "2017.10.13"]
[SourceQuality "1"]

1. Nf3 b5 2. e3 a6 3. d4 Bb7 4. Bd2 e6 5. a3 c5 6. dxc5 Bxc5 7. c4 bxc4 8. Bxc4 Nf6 9. Nc3 Nc6 10. 0-0 0-0 11. b4 Bd6 12. h3 Rc8 13. Be2 Bb8 14. b5 axb5 15. Nxb5 Ne4 16. Rb1 Ne5 17. Bb4 Re8 18. Nxe5 Bxe5 19. Bf3 Nc3 20. Bxc3 Bxf3 21. Qxf3 Bxc3 22. Nd6 Ra8 23. Qxf7+ Kh8 24. Qxe8+ Qxe8 25. Nxe8 Rxe8 26. Rb3 Be5 27. f4 Bf6 28. Rfb1 Kg8 29. Rb8 Kf7 30. Rxe8 Kxe8 31. Rb8+ Ke7 32. Kf2 Kd6 33. Rb5 Kc6 34. a4 d5 35. Ke2 e5 36. fxe5 Bxe5 37. e4 1-0

[Event "Stuttgart-chB int"]
[Site "Ditzingen"]
[Date "2009.05.21"]
[Round "3"]
[White "Kuehnel, Lena"]
[Black "Pfeilsticker, Thorsten"]
[Result "1/2-1/2"]
[WhiteElo "1728"]
[BlackElo "1567"]
[PlyCount "75"]
[EventDate "2009.05.21"]
[EventType "swiss"]
[EventRounds "7"]
[EventCountry "GER"]
[SourceTitle "EXT 2018"]
[Source "ChessBase"]
[SourceDate "2017.10.13"]
[SourceVersion "1"]
[SourceVersionDate "2017.10.13"]
[SourceQuality "1"]

1. e4 a6 2. d4 b5 3. Bd3 Bb7 4. Ne2 Nf6 5. Ng3 e6 6. 0-0 Be7 7. c3 d6 8. Nd2 c5 9. f4 h5 10. e5 Ng4 11. Nf3 cxd4 12. cxd4 dxe5 13. fxe5 Nd7 14. Be4 Bxe4 15. Nxe4 Qb6 16. Kh1 0-0-0 17. a4 Ndxe5 18. Nxe5 Nxe5 19. Qc2+ Qc6 20. Qc3 b4 21. Qxc6+ Nxc6 22. Be3 f6 23. Rac1 Kb7 24. Nc5+ Bxc5 25. Rxc5 Ne7 26. Rfc1 Rc8 27. R5c4 Rxc4 28. Rxc4 Nd5 29. Bd2 Rc8 30. Rxc8 Kxc8 31. g3 b3 32. a5 Kc7 33. Kg2 Kd6 34. Kf3 Nc7 35. Ke4 f5+ 36. Kd3 Kd5 37. Bf4 Nb5 38. Be5 1/2-1/2

[Event "Stuttgart-chB int"]
[Site "Gerlingen"]
[Date "2007.05.19"]
[Round "6"]
[White "Pfeilsticker, Thorsten"]
[Black "Sampala, Simon"]
[Result "0-1"]
[WhiteElo "1456"]
[BlackElo "1345"]
[PlyCount "120"]
[EventDate "2007.05.17"]
[EventType "swiss"]
[EventRounds "7"]
[EventCountry "GER"]
[SourceTitle "EXT 2018"]
[Source "ChessBase"]
[SourceDate "2017.10.13"]
[SourceVersion "1"]
[SourceVersionDate "2017.10.13"]
[SourceQuality "1"]

1. d4 d5 2. Nf3 Nc6 3. e3 Nf6 4. c3 e6 5. Bd3 Bd6 6. Nbd2 Ne7 7. 0-0 b6 8. e4 dxe4 9. Nxe4 Nxe4 10. Bxe4 c6 11. Re1 f5 12. Bc2 Qc7 13. Bb3 Bd7 14. Bxe6 0-0-0 15. Bxd7+ Rxd7 16. Ne5 Bxe5 17. Qe2 Bxh2+ 18. Kh1 Bd6 19. Bd2 Rf8 20. b4 Nd5 21. Rab1 Rf6 22. Bg5 Nxc3 23. Qa6+ Qb7 24. Qxb7+ Kxb7 25. Rb3 Rg6 26. Bd2 Ne4 27. Be3 f4 28. Bxf4 Nxf2+ 29. Kg1 Bxf4 30. Kxf2 Rxd4 31. Re7+ Bc7 32. Ke3 Rdd6 33. Kf2 Rd2+ 34. Kf1 Rgxg2 35. a4 Rdf2+ 36. Ke1 Ra2 37. Kf1 Rg4 38. b5 c5 39. Rf3 Raxa4 40. Rff7 Rgf4+ 41. Rxf4 Rxf4+ 42. Kg2 Rb4 43. Rxg7 Rxb5 44. Rxh7 Kc6 45. Kf3 Rb4 46. Ke3 Rd4 47. Rh1 a5 48. Ke2 a4 49. Rb1 b5 50. Rf1 a3 51. Rf6+ Bd6 52. Rf3 a2 53. Ra3 Ra4 54. Rxa2 Rxa2+ 55. Kd3 Kd5 56. Kc3 b4+ 57. Kb3 Ra3+ 58. Kc2 Kc4 59. Kb2 Kd3 60. Kc1 Rb3 0-1

[Event "Stuttgart-chB int"]
[Site "Ditzingen"]
[Date "2006.05.25"]
[Round "1"]
[White "Pfeilsticker, Thorsten"]
[Black "Bodrozic, Tomislav"]
[Result "0-1"]
[WhiteElo "1307"]
[BlackElo "1694"]
[PlyCount "120"]
[EventDate "2006.05.25"]
[EventType "swiss"]
[EventRounds "7"]
[EventCountry "GER"]
[SourceTitle "EXT 2018"]
[Source "ChessBase"]
[SourceDate "2017.10.13"]
[SourceVersion "1"]
[SourceVersionDate "2017.10.13"]
[SourceQuality "1"]

1. d4 Nf6 2. Nf3 g6 3. e3 Bg7 4. Bd3 0-0 5. Nbd2 d6 6. c3 Nbd7 7. 0-0 e5 8. Re1 Re8 9. e4 c6 10. Nf1 h6 11. Bc2 Qc7 12. Ng3 Nb6 13. h3 Be6 14. Kh1 Rad8 15. Bb3 Kh7 16. Be3 exd4 17. Bxd4 c5 18. Bxf6 Bxf6 19. Bxe6 Rxe6 20. Qc2 Be5 21. Nxe5 dxe5 22. Rad1 Red6 23. Rxd6 Qxd6 24. Qe2 Qd2 25. b3 Qxc3 26. Rd1 Rd4 27. Rxd4 cxd4 28. Qb5 d3 29. Qe8 Kg7 30. Nf1 Qa1 31. Kh2 Qd4 32. f3 Nd7 33. Nd2 Nf6 34. Qb5 Qc3 35. Nc4 d2 36. Nxd2 Qxd2 37. Qxe5 Qxa2 38. Qc3 Qe2 39. h4 Qf2 40. Kh3 Qb6 41. Kg3 Kh7 42. Qc4 Qd6+ 43. Kf2 Qe6 44. Qc3 Nd7 45. b4 Nb6 46. Qc7 Qd7 47. Qf4 Nc4 48. Ke2 Kg7 49. Qc1 Qd4 50. g3 Qb2+ 51. Qxb2+ Nxb2 52. f4 Kf6 53. g4 Nc4 54. Kd3 Nb6 55. Kd4 Ke6 56. f5+ gxf5 57. gxf5+ Kf6 58. Ke3 Ke5 59. Kf3 h5 60. f6 Nd7 0-1